| 000 | 01046nam a2200229Ia 4500 | ||
|---|---|---|---|
| 001 | 15608 | ||
| 003 | GE_BSU | ||
| 008 | 181216s||||||||xx |||||||||||||| ||und|| | ||
| 040 | _cGE_BSU | ||
| 080 | _a821.161.1.09 | ||
| 100 | _aგორკი, მაქსიმ | ||
| 245 | _aსაუბარი ახალგაზრდებთან | ||
| 245 | _bახალგაზრდული და საბავშვო ლიტერატურის შესახებ | ||
| 245 | _cშეადგ. და თარგმნა გ. მერკვილაძემ.რედ. ლ.გოგოხია. მხატვ. მ. კიკნაველიძე | ||
| 260 | _aთბილისი | ||
| 260 | _bნაკადული | ||
| 260 | _c1967 | ||
| 300 | _a398გვ. ; 22სმ. | ||
| 653 | _aახალგაზრდული და საბავშვო ლიტერატურის შესახებ | ||
| 653 | _aსაუბარი ახალგაზრდებთან | ||
| 942 | _cBK | ||
| 999 |
_c48708 _d48708 |
||